000 00945cam a22002651 4500
001 10878
003 BD-RjUL
005 20211208235032.0
008 140125s1951 nyu a 000 0 eng d
035 _a(BD-RjUL)10927
040 _aDLC/ICU
_cICU
_dDLC
_d(BD-RjUL)
_beng
041 _aeng
082 0 0 _a546.1
_bENC
100 1 _q,
_933626
245 1 0 _aEncyclopedia of chemical reactions /
_ccompiled and edited by C.A. Jacobson.
260 _aNew York :
_bReinhold Pub. Corp.,
_c1951
300 _aix,790p. ;
_c24 cm.
500 _aVol. 5 compiled and edited by C.A. Jacobson, with the assistance of Clifford A. Hampel and Elbert C. Weaver; v. 6 compiled by C.A. Jacobson, edited by Clifford A. Hampel.
650 0 _aChemical reactions
_xEncyclopedias.
_933222
650 0 _aChemistry, Inorganic
_xAbstracts.
_933223
700 1 _aJacobson, C. A.
_q(Carl Alfred)
_933221
942 _2ddc
_cBK
999 _c10878
_d10878